Statistiken für Top Reis produzierende Länder

Klicken Sie hier um das Quiz zu spielen!

Allgemein

  • Dieses Quiz wurde 78 mal gespielt
  • Das Durchschnittsergebnis liegt bei 10 aus 14

Antwortstatistiken

TonnenLand% Korrekt
214 mChina
100%
195 mIndien
97%
10.5 mJapan
92%
54.4 mIndonesien
91%
33.6 mThailand
89%
43.9 mVietnam
86%
14.0 mPakistan
66%
56.9 mBangladesch
62%
24.9 mMyanmar
61%
11.7 mBrasilien
58%
20.0 mPhilippinen
58%
8.70 mVereinigte Staaten
58%
11.4 mKambodscha
55%
8.34 mNigeria
11%

Verteilung der Resultate

Perzentil nach korrekt beantworteten Fragen

Anzahl Personen mit jedem Resultat

Ihre Resultats-Entwicklung

Sie haben dieses Quiz noch nicht gespielt